000 00409nam a2200145Ia 4500
008 100204s9999 xx 000 0 und d
082 _b6770
100 _aलागू चिंतामणी
245 _aतुफान
260 _b"दिलिप प्रकाशन , मुंबई"
_c1984
300 _a260
630 _aतुफान
730 _aतुफान
942 _cBOOK
999 _c451208
_d451205